000
00316nam a2200133Ia 4500
008
231017s9999 xx 000 0 und d
082
_a
388.409
082
_b
BAN
245
0
_a
Developing Rural Transport Policies and Strategies
245
0
_c
World Bank
260
_b
World Bank
300
_c
30cm
942
_c
REP
999
_c
604208
_d
604208